000 01037nam a2200301 4500
001 18527
003 ES-MaACL
005 20230906151847.0
007 t|
008 020129s1984 sp ||||0| spa d
020 _a84-217-4129-2
080 _a946.0"1931/39"
100 1 _aBolloten, Burnett.
_929995
245 1 3 _aEl gran engaño /
_cBurnett Bolloten ; [traducción, Carlos López, Carmen Downs de McGhee y Luis Sierra P. de León].
250 _a2ª ed.
260 _a[Barcelona] :
_bLuis de Caralt,
_c1984.
300 _a355 p ;
_c18 cm.
490 1 _aBiblioteca universal contemporánea ;
_v26
504 _aBibliografía: p. [339]-353.
650 1 4 _aComunismo-
_zEspaña-
_y1931-1939.
_911218
651 4 _aEspaña-
_xHistoria-
_y1936-1939, Guerra civil.
_98292
700 1 _aLópez, Carlos.
_973314
700 1 _aDowns de McGhee, Carmen.
_945542
700 1 _aSierra P. de León, Luis.
_9106282
830 1 _aBiblioteca universal contemporánea ;
_v26
_9180464
852 _aES-MaACL
_jG-271
999 _c18527
_d18527